| 000 | 00862nam a2200277Ia 4500 | ||
|---|---|---|---|
| 001 | Para_8610 | ||
| 003 | CHAP | ||
| 008 | 220125s1930 xx 000 0 und d | ||
| 010 | _a207421 | ||
| 040 | _cCHAP | ||
| 082 | _aPA-C 595.752 A6 | ||
| 100 |
_aHori, Matsuji _9174024 |
||
| 245 |
_aThe woolly apple aphis in Hokkaido, with special reference to its controlling methods / _c by Matsuji Hori |
||
| 260 |
_as.l. : _b s.n. |
||
| 300 | _a1 v. paginacion varia | ||
| 440 |
_aAphidae; 26 _9174016 |
||
| 500 | _aEncuadernado con otros impresos similares | ||
| 650 |
_a _x Afididos _x Colecciones de escritos _x Eriosoma lanigerum _x Control de plagas _9174025 |
||
| 901 | _aPA-C 595.752 A6 | ||
| 902 | _aA | ||
| 905 | _a0000001930 0000000000 00 | ||
| 910 | _a1930 | ||
| 942 | _cPARA | ||
| 942 |
_cPARA _d1 |
||
| 999 |
_c207421 _d207421 |
||